|
|
|
|
| LEADER |
00000nas a2200000 i 4500 |
| 001 |
in00000011083 |
| 005 |
20251126081453.1 |
| 002 |
АВ3Р/1998/3 |
| 008 |
081006u19?? rur l000 0yrus d |
| 035 |
|
|
|a ( UA-KiNSAL)АВ3Р/1998/3
|
| 040 |
|
|
|a UA-KiNSAL
|b ukr
|c UA-KiNSAL
|
| 090 |
|
|
|
| 245 |
0 |
0 |
|a NJ
|
| 260 |
|
|
|a Б.м.
|
| 530 |
|
|
|a Original record
|u https://kubg.libs.net.ua/kubg_recs/0000031625.txt
|
| 942 |
|
|
|2 UDC
|c JOURNAL
|
| 952 |
|
|
|a XP
|b книга
|d ХР
|z 20150217
|i 1
|p Jv0034525
|j АВ3Р/1998/3
|o
|h 1998, № 3
|c 1
|
| 920 |
|
|
|a NJ
|
| 961 |
|
|
|a 691
|
| 991 |
0 |
0 |
|a АВ3Р/1998/3
|
| 997 |
|
|
|a 0000031625
|
| 998 |
|
|
|a 31625
|
| 999 |
f |
f |
|i 94be42ca-afff-45f7-bb0d-ff4951d4636a
|s e7095fe9-501d-423f-b6c2-5c4fb243664d
|t 0
|
| 952 |
f |
f |
|p Може видаватися
|a Національна наукова сільськогосподарська бібліотека
|b Центральна будівля
|c ННСБ всі підрозділи
|d Відділ зберігання
|t 0
|e АВ3Р/1998/3
|i книга
|m Jv0034525
|n 1
|